Multiculturalism : the changing Australian paradigm
Αποθηκεύτηκε σε:
| Κύριος συγγραφέας: | |
|---|---|
| Άλλοι συγγραφείς: | |
| Μορφή: | Βιβλίο |
| Γλώσσα: | English |
| Δημοσίευση: |
Clevedon, Avon, England :
Multilingual Matters,
c1984
|
| Σειρά: | Multilingual matters (Series)
; 16 |
| Θέματα: | |
| Ετικέτες: |
Προσθήκη ετικέτας
Δεν υπάρχουν, Καταχωρήστε ετικέτα πρώτοι!
|
MARC
| LEADER | 00000cam a2200000 i 4500 | ||
|---|---|---|---|
| 001 | 1/86295 | ||
| 008 | 980326s1984 eng d | ||
| 020 | |a 0-905028-37-6 | ||
| 035 | |l 10034934 | ||
| 035 | |a 1995 |b 2 |c Σκούρτου | ||
| 040 | |a GR-MY-UA |b gre |e aacr | ||
| 041 | 0 | |a eng | |
| 082 | 0 | |a 305.800994 |2 (19) | |
| 100 | 1 | |a Foster, Lois E. | |
| 245 | 1 | 0 | |a Multiculturalism : |b the changing Australian paradigm / |c Lois Foster and David Stockley |
| 260 | |a Clevedon, Avon, England : |b Multilingual Matters, |c c1984 | ||
| 300 | |a vi, 150 p.; |b ill.; |c 23 cm | ||
| 490 | 1 | |a Multilingual matters (Series) |v ; 16 | |
| 504 | |a Includes bibliography and index | ||
| 650 | 0 | 0 | |a Multiculturalism |z Australia. |
| 650 | 0 | 0 | |a Minorities |z Australia |x Social conditions. |
| 651 | 0 | |a Australia |x Ethnic relations. | |
| 700 | 1 | |a Stockley, David. | |
| 830 | 0 | |a Multilingual matters (Series) |v ; 16 | |
| 852 | |a INST |b RHODES |e 19980326 |h 305.800994 FOS |p 005400005404 |q 005400005404 |t BK |y 0 | ||
| 909 | |a Ρ |b 042385 |c 1995 | ||